| 000 | 00766nam a2200229 a 4500 | ||
|---|---|---|---|
| 001 | 000012060 | ||
| 005 | 20200929162658.0 | ||
| 008 | 091104s1975 dr 001 f spa d | ||
| 040 |
_aDO-SdBNP _bspa _cBNPHU |
||
| 082 |
_aB863.44 _bA944r |
||
| 100 | 1 |
_aAuza Catálano, Mario _d1937- _928499 |
|
| 245 | 1 | 0 |
_aRelatos fantásticos y humanos / _cMario Auzo Catálano. |
| 260 |
_aSanto Domingo : _bOffset Encuadernaciones, _c1975. |
||
| 300 |
_a221 p. : _bil. ; _c21 cm. |
||
| 500 | _aIncluye notas biográficas del autor en la contraportada | ||
| 505 | 0 | _aRelatos -- Novelas --Poesía | |
| 650 | 4 |
_aCuentos bolivianos _928500 |
|
| 650 | 4 |
_aNovela boliviana _925032 |
|
| 650 | 4 |
_aPoesía boliviana _98665 |
|
| 910 | _aValidado. Control de calidad MFF | ||
| 049 | _aBNPD | ||
| 999 |
_c11727 _d11727 |
||